Liverpool Footballers - Statistics

General Stats
  • This quiz has been taken 20 times
    19 since last reset
  • The average score is 17 of 20
Answer Stats
Picture Answer % Correct
Jamie Carragher
100%
Luis Suarez
100%
Mohamed Salah
100%
Sadio Mane
100%
Steven Gerrard
100%
Darwin Nunez
94%
Michael Owen
94%
Roberto Firmino
94%
Fabinho
89%
Jordan Henderson
89%
Mario Balotelli
89%
Philippe Coutinho
89%
Raheem Sterling
89%
Divock Origi
78%
Joel Matip
78%
Wataru Endo
78%
Federico Chiesa
72%
Simon Mignolet
67%
Mamadou Sakho
61%
Dejan Lovren
56%
No matching quizzes found
Score Distribution
Percent of People with Each Score
Percentile by Number Answered
Your Score History
You have not taken this quiz since the last reset